| 000 | 004560000a22001810004500 | ||
|---|---|---|---|
| 003 | MACL | ||
| 005 | 20151003112807.0 | ||
| 008 | 151003b xxu||||| |||| 00| 0 eng d | ||
| 040 |
_aMACL _cMACL |
||
| 041 | _aEnglish | ||
| 082 | _a915/GUP | ||
| 100 |
_aGupta, Dr. Parmeshwri lal _913332 |
||
| 245 | _aIndian Historical Map | ||
| 260 |
_bAll India Educational Supply _c1991 _aNew Delhi |
||
| 350 | _a100 | ||
| 650 |
_aHistory _913333 |
||
| 942 |
_cBK _k915 _2ddc |
||
| 999 |
_c3729 _d3729 |
||